Statistics for Grocery Stores with the Most Locations in Each State

Click here to take the quiz!

General Stats

  • This quiz has been taken 182 times
  • The average score is 25 of 50

Answer Stats

State#Store Name% Correct
Missouri156Walmart
88%
Tennessee151Walmart
88%
Alabama144Walmart
88%
New Mexico53Walmart
88%
North Dakota17Walmart
88%
Louisiana137Walmart
88%
Oklahoma134Walmart
88%
Kansas83Walmart
88%
Mississippi85Walmart
88%
South Dakota17Walmart
88%
Texas593Walmart
88%
Georgia214Walmart
88%
Utah59Walmart
88%
Wisconsin99Walmart
88%
California310Walmart
88%
Arkansas130Walmart
88%
Indiana96Kroger
72%
West Virginia42Kroger
72%
Nebraska48Kroger
72%
Michigan130Kroger
72%
Wyoming50Kroger
72%
Florida768Publix
62%
Oregon93Safeway
55%
Washington165Safeway
55%
Alaska29Safeway
55%
Hawaii22Safeway
55%
Idaho32Albertsons
43%
Montana29Albertsons
43%
Virginia306Food Lion
36%
North Carolina496Food Lion
36%
Delaware22Food Lion
36%
New Jersey169ShopRite
23%
Connecticut91Stop & Shop
23%
Massachusetts132Stop & Shop
23%
Rhode Island26Stop & Shop
23%
Ohio214Giant Eagle
19%
Iowa138Hy-Vee
19%
Maine90Hannaford Supermarkets
18%
Colorado112King Soopers
13%
Vermont19Shaw's
12%
Illinois180Jewel-Osco
11%
Arizona199Fry's Food and Drug Stores
10%
Kentucky112Save-A-Lot
10%
Pennsylvania236Weis Markets
9%
Maryland99Giant Food
8%
Nevada44Smith's Food and Drug Stores
8%
New York141Tops Friendly Markets
8%
Minnesota78Cub Foods
3%
South Carolina135BI-LO
1%
New Hampshire39Hannaford Supermarkets
1%

Score Distribution

Percentile by Number Answered

Percent of People with Each Score

Your Score History

You have not taken this quiz